| 000 | 00564nam a22001937a 4500 | ||
|---|---|---|---|
| 003 | BUBTL | ||
| 008 | 170518b xxu||||| |||| 00| 0 eng d | ||
| 020 | _a978-1-84569-789-1 | ||
| 082 | _a687DAS | ||
| 100 |
_91194 _aDas,Apurba/ Alagirusamy R. |
||
| 245 | _aScience In Clothing Comfort | ||
| 260 |
_aNew Delhi _bWoodhead Publishing _cc2010 |
||
| 300 |
_a[ix],175p. _bills. _c21cm. |
||
| 650 | 0 |
_9909 _aTextile Engineering |
|
| 700 |
_91195 _aDas,Apurba/ Alagirusamy R. |
||
| 856 |
_k0 _l0 _yDownload |
||
| 942 |
_2ddc _cBK |
||
| 999 |
_c5448 _d5448 |
||